| 000 | 00361nam a22001337a 4500 | ||
|---|---|---|---|
| 082 |
_a940 _bGOO |
||
| 100 |
_aGooch, G.P. _950401 |
||
| 245 |
_aHistory of medern Europe 1878-1919 _cGooch, G.P. |
||
| 260 |
_aLondon _bGassell and Company, Ltd _c1919 |
||
| 300 | _avi, 728.p: | ||
| 526 |
_a0 _b0 _c0 _d940_000000000000000_GOO |
||
| 650 |
_aMCE _9379 |
||
| 942 |
_2ddc _cBK |
||
| 999 |
_c553130 _d553130 |
||